000 00850nam a2200229 a 4500
005 20140414093839.0
008 040310s19uu xx 00 eng d
050 _aVHS 370
_bOR 12 t.3
245 _aAt work in the differentiated classroom :
_bteaching for learner success.
260 _aAlexandria, Va :
_bAssociation for Supervision and Curriculum Development,
_cc2001.
300 _a25 min.
440 _aAt work in the differentiated classroom ; tape 3
500 _aFacilitator's guide, Tapes 1,2,3.
520 _aLibrary has:
650 _aCurriculum planning (Differentiated instruction)
_xUnited States.
650 _aEffective teaching
_xUnited States.
650 _aAcademic achievement
_xUnited States.
650 _aResearch-based instructional strategies
_xUnited States.
700 _aASCD
942 _cAVM
999 _c109170
_d109170